000 00649nam a2200277Ia 4500
005 20260324115530.0
008 008 260324s9999 xx 000 0 eng d
020 _a9781315118659
037 _aEBOOK
040 _aCRL
040 _beng
040 _cCRL
041 _2eng
041 _aeng
084 _qCRL
100 _aChristopher Jekeli
_91155032
245 0 _aSpectral Methods in Geodesy and Geophysics
260 _bTaylor and Francis
260 _c2017
365 _a
365 _b400
856 _uhttp://www.taylorfrancis.com/books/9781315118659
942 _cEBOOK
999 _c1745971
_d1745971